| 000 | 00571nam a2200205Ia 4500 | ||
|---|---|---|---|
| 003 | BUBTL | ||
| 008 | 151213s9999 xx 000 0 und d | ||
| 082 | _a343.096/R1474d | ||
| 100 |
_aRahman, M. Habibur _93937 |
||
| 245 |
_aDelimitation of Maritime Boundaries _cM. Habibur Rahman |
||
| 250 | _a1st | ||
| 260 |
_aRajshahi _bRajshahi University _cc1991 |
||
| 300 |
_a[xvi] ,310p . : _b22 cm. |
||
| 650 |
_aLaw _93938 |
||
| 650 |
_aLaw _93938 |
||
| 700 |
_aM. Habibur Rahman _93939 |
||
| 856 |
_k0 _l0 _yDownload |
||
| 942 |
_2ddc _cBK |
||
| 999 |
_c3653 _d3653 |
||